[Event "Oberliga Nord O 2122"]
[Site "Germany"]
[Date "2021.12.12"]
[Round "3.8"]
[White "Skogvall, Martina"]
[Black "Schott, Andy"]
[Result "1/2-1/2"]
[WhiteElo "2004"]
[BlackElo "1602"]
[PlyCount "47"]
[EventDate "2021.10.31"]
[EventType "team-tourn"]
[EventRounds "9"]
[EventCountry "GER"]
[SourceTitle "EXT 2023"]
[Source "ChessBase"]
[SourceDate "2022.10.05"]
[SourceVersion "1"]
[SourceVersionDate "2022.10.05"]
[SourceQuality "1"]
[WhiteTeam "Berlin SF III"]
[BlackTeam "Guestrow/Teterow"]
[WhiteTeamCountry "GER"]
[BlackTeamCountry "GER"]

1. e4 c5 2. Nc3 d6 3. Nf3 Nf6 4. d4 cxd4 5. Nxd4 a6 6. g3 b5 7. Bg2 Bb7 8. 0-0 e6 9. Bg5 Be7 10. Qe2 b4 11. Nd1 Nc6 12. Nxc6 Bxc6 13. c4 Qc7 14. b3 0-0 15. Rc1 Qb7 16. Re1 h6 17. Bd2 a5 18. f3 a4 19. Nf2 axb3 20. axb3 Nd7 21. Nd3 Nc5 22. Nxc5 dxc5 23. Ra1 Ra3 24. Rab1 1/2-1/2

[Event "Oberliga Nord O 1920"]
[Site "Germany"]
[Date "2021.08.15"]
[Round "9.8"]
[White "Skogvall, Martina"]
[Black "Freyberg, Dominic"]
[Result "1-0"]
[WhiteElo "1992"]
[BlackElo "2129"]
[PlyCount "65"]
[EventDate "2019.09.29"]
[EventType "team-tourn"]
[EventRounds "9"]
[EventCountry "GER"]
[SourceTitle "EXT 2023"]
[Source "ChessBase"]
[SourceDate "2022.10.05"]
[SourceVersion "1"]
[SourceVersionDate "2022.10.05"]
[SourceQuality "1"]
[WhiteTeam "Berlin SF III"]
[BlackTeam "Pankow Rotation"]
[WhiteTeamCountry "GER"]
[BlackTeamCountry "GER"]

1. e4 Nc6 2. d4 e5 3. d5 Nce7 4. Nc3 Ng6 5. Nge2 Bc5 6. Qd3 Nf6 7. Be3 Bxe3 8. Qxe3 Ng4 9. Qf3 d6 10. h3 Nh6 11. 0-0-0 f5 12. Ng3 0-0 13. exf5 Nxf5 14. Nge4 a6 15. g3 b5 16. Qh5 Nh6 17. Bd3 Rf5 18. Qe2 Rf8 19. Qd2 Ne7 20. Ng5 Nhf5 21. Nxh7 Kxh7 22. g4 b4 23. Ne2 Nxd5 24. gxf5 Nf6 25. Rhg1 d5 26. Qg5 Qe7 27. Qg6+ Kg8 28. Ng3 Qf7 29. Qg5 Nh7 30. Qh4 Qf6 31. Qxb4 Bd7 32. Qc5 c6 33. Qe3 1-0

[Event "GER-ch Blitz (Women)"]
[Site "Magdeburg"]
[Date "2021.08.01"]
[Round "10"]
[White "Ries, Jutta"]
[Black "Skogvall, Martina"]
[Result "1/2-1/2"]
[WhiteElo "1976"]
[BlackElo "1992"]
[PlyCount "134"]
[EventDate "2021.08.01"]
[EventType "tourn (blitz)"]
[EventRounds "21"]
[EventCountry "GER"]
[SourceTitle "CBM 203 Extra"]
[Source "ChessBase"]
[SourceDate "2021.09.30"]
[SourceVersion "1"]
[SourceVersionDate "2021.09.30"]
[SourceQuality "1"]

1. f4 d5 2. Nf3 Nf6 3. b3 c6 4. Bb2 Nbd7 5. e3 g6 6. Bd3 Bg7 7. 0-0 0-0 8. Qe1 Re8 9. f5 Nc5 10. fxg6 hxg6 11. Be2 Bg4 12. Ng5 Bxe2 13. Qxe2 Rf8 14. Nc3 e5 15. d4 Ncd7 16. dxe5 Nh5 17. Nf3 Nxe5 18. Nd1 Nxf3+ 19. Qxf3 Bxb2 20. Nxb2 Kg7 21. Nd3 Qf6 22. Qg4 Qe7 23. Rae1 Rae8 24. a4 Kg8 25. Rf3 Nf6 26. Qd4 Ne4 27. Rh3 f6 28. Qxa7 Rf7 29. Qd4 Qc7 30. Nf4 Kg7 31. c4 Qd6 32. cxd5 c5 33. Qd3 Rfe7 34. Rf1 f5 35. Ne6+ Rxe6 36. Qb5 R6e7 37. Qc4 Rh8 38. Rxh8 Kxh8 39. Qc1 Kg7 40. Qa1+ Kg8 41. a5 Qxd5 42. Rd1 Qe5 43. Qa4 Kf7 44. Qc4+ Kg7 45. Rd8 Qe6 46. Qb5 Nf6 47. Rb8 Qd7 48. Qxc5 Qd1+ 49. Kf2 Qd2+ 50. Kf1 Rxe3 51. Rxb7+ Kh6 52. Qf8+ Kg5 53. h4+ Kf4 54. Qh6+ Ke4 55. Re7+ Kd4 56. Rxe3 Qxe3 57. Qxe3+ Kxe3 58. a6 Nd5 59. a7 Nb6 60. b4 Kd4 61. Kf2 Kc4 62. Kf3 Kxb4 63. Kf4 Kb5 64. h5 gxh5 65. Kxf5 Ka6 66. Kg5 Kxa7 67. Kxh5 Nd7 1/2-1/2

[Event "GER-ch Blitz (Women)"]
[Site "Magdeburg"]
[Date "2021.08.01"]
[Round "19"]
[White "Skogvall, Martina"]
[Black "Albayrak, Berrak"]
[Result "1-0"]
[WhiteElo "1992"]
[BlackElo "1484"]
[PlyCount "71"]
[EventDate "2021.08.01"]
[EventType "tourn (blitz)"]
[EventRounds "21"]
[EventCountry "GER"]
[SourceTitle "CBM 203 Extra"]
[Source "ChessBase"]
[SourceDate "2021.09.30"]
[SourceVersion "1"]
[SourceVersionDate "2021.09.30"]
[SourceQuality "1"]

1. e4 d6 2. d4 Nf6 3. Nc3 g6 4. Be3 Bg7 5. f3 0-0 6. Qd2 Re8 7. Bh6 Bh8 8. 0-0-0 a6 9. Bc4 b5 10. Bb3 c6 11. g4 a5 12. a4 b4 13. Nce2 Qb6 14. h4 c5 15. h5 Ba6 16. hxg6 hxg6 17. Bxf7+ Kxf7 18. Qf4 e5 19. dxe5 dxe5 20. Qg5 Nc6 21. Qh4 Nd4 22. Nxd4 cxd4 23. Nh3 Rac8 24. Ng5+ Ke7 25. Qg3 Qc5 26. Rh2 d3 27. f4 dxc2 28. Re1 Rc6 29. fxe5 Nd7 30. Nf3 Kd8 31. Bg5+ Kc8 32. Be3 Qc4 33. Nd2 Qe6 34. Rh7 Qa2 35. Rxd7 Qa1+ 36. Nb1 1-0

[Event "GER-ch Blitz (Women)"]
[Site "Magdeburg"]
[Date "2021.08.01"]
[Round "11"]
[White "Skogvall, Martina"]
[Black "Noll, Sonja"]
[Result "1-0"]
[WhiteElo "1992"]
[BlackElo "1733"]
[PlyCount "65"]
[EventDate "2021.08.01"]
[EventType "tourn (blitz)"]
[EventRounds "21"]
[EventCountry "GER"]
[SourceTitle "CBM 203 Extra"]
[Source "ChessBase"]
[SourceDate "2021.09.30"]
[SourceVersion "1"]
[SourceVersionDate "2021.09.30"]
[SourceQuality "1"]

1. e4 Nf6 2. e5 Nd5 3. d4 d6 4. exd6 cxd6 5. c4 Nb6 6. Nc3 Nc6 7. Be3 g6 8. h3 Bg7 9. Nf3 0-0 10. Bd3 Bd7 11. 0-0 Rc8 12. a3 e6 13. b4 Ne7 14. Qe2 d5 15. c5 Na4 16. Nb5 Nf5 17. Rac1 a6 18. Nc3 Nxc3 19. Rxc3 Nxe3 20. fxe3 f6 21. Qa2 b5 22. Rc2 Bc6 23. Rcf2 Bh6 24. Re2 Qc7 25. e4 Qg3 26. Qc2 f5 27. exf5 exf5 28. Re7 Rf7 29. Rfe1 Kf8 30. Qe2 Bg7 31. Rxf7+ Kxf7 32. Qe6+ Kf8 33. Qxc8+ 1-0

[Event "GER-ch Blitz (Women)"]
[Site "Magdeburg"]
[Date "2021.08.01"]
[Round "5"]
[White "Skogvall, Martina"]
[Black "Schneider, Birgit"]
[Result "0-1"]
[WhiteElo "1992"]
[BlackElo "1870"]
[PlyCount "65"]
[EventDate "2021.08.01"]
[EventType "tourn (blitz)"]
[EventRounds "21"]
[EventCountry "GER"]
[SourceTitle "CBM 203 Extra"]
[Source "ChessBase"]
[SourceDate "2021.09.30"]
[SourceVersion "1"]
[SourceVersionDate "2021.09.30"]
[SourceQuality "1"]

1. e4 c5 2. Nc3 Nc6 3. Bb5 Nd4 4. Bc4 e6 5. Nf3 Ne7 6. d3 Nec6 7. Nxd4 cxd4 8. Ne2 g6 9. 0-0 Bg7 10. c3 0-0 11. cxd4 Nxd4 12. Be3 Nxe2+ 13. Qxe2 d5 14. Bb3 a6 15. Kh1 dxe4 16. dxe4 Qf6 17. Rab1 Bd7 18. f4 Bb5 19. Bc4 Bxc4 20. Qxc4 Rfc8 21. Qe2 Rc6 22. g4 Rac8 23. e5 Qe7 24. Rbc1 Qd7 25. Rcd1 Qe7 26. Rd2 Rc1 27. Rdd1 R1c2 28. Rd2 Rc1 29. Qf3 Qh4 30. Rg2 R1c2 31. Bf2 Qd8 32. Rd1 Rc1 33. Rgg1 0-1

[Event "GER-ch Blitz (Women)"]
[Site "Magdeburg"]
[Date "2021.08.01"]
[Round "17"]
[White "Skogvall, Martina"]
[Black "Voicu Jagodzinsky, Carmen"]
[Result "0-1"]
[WhiteElo "1992"]
[BlackElo "2247"]
[PlyCount "54"]
[EventDate "2021.08.01"]
[EventType "tourn (blitz)"]
[EventRounds "21"]
[EventCountry "GER"]
[SourceTitle "CBM 203 Extra"]
[Source "ChessBase"]
[SourceDate "2021.09.30"]
[SourceVersion "1"]
[SourceVersionDate "2021.09.30"]
[SourceQuality "1"]

1. e4 e6 2. d4 d5 3. Nd2 c5 4. c3 cxd4 5. cxd4 dxe4 6. Nxe4 Nc6 7. Nf3 h6 8. Bd3 Nf6 9. 0-0 Be7 10. h3 0-0 11. Be3 b6 12. Rc1 Bb7 13. Ng3 Nb4 14. Bb1 Rc8 15. a3 Nbd5 16. Qd3 Nxe3 17. fxe3 Rxc1 18. Rxc1 Bxf3 19. gxf3 Qd5 20. Kf2 Bd6 21. e4 Qg5 22. e5 Qxc1 23. exf6 Qxb2+ 24. Ne2 g6 25. h4 h5 26. Ke3 Rc8 27. f4 Qxa3 0-1

[Event "GER-ch Blitz (Women)"]
[Site "Magdeburg"]
[Date "2021.08.01"]
[Round "18"]
[White "Stangl, Anita"]
[Black "Skogvall, Martina"]
[Result "1-0"]
[WhiteElo "2005"]
[BlackElo "1992"]
[PlyCount "93"]
[EventDate "2021.08.01"]
[EventType "tourn (blitz)"]
[EventRounds "21"]
[EventCountry "GER"]
[SourceTitle "CBM 203 Extra"]
[Source "ChessBase"]
[SourceDate "2021.09.30"]
[SourceVersion "1"]
[SourceVersionDate "2021.09.30"]
[SourceQuality "1"]

1. e4 e6 2. Nf3 d5 3. Nc3 Bb4 4. exd5 exd5 5. d4 Nc6 6. Bb5 Bd7 7. 0-0 Nge7 8. Bg5 f6 9. Bh4 0-0 10. Re1 Bd6 11. Bd3 a6 12. Bg3 Bxg3 13. hxg3 Bg4 14. Ne2 Nb4 15. c3 Nxd3 16. Qxd3 Bf5 17. Qd2 Qd6 18. Nh4 Bd7 19. Qf4 Qb6 20. Qd2 Rae8 21. b3 f5 22. Nf3 Ng6 23. Nf4 Qd6 24. Nxg6 Qxg6 25. Ne5 Qd6 26. Qf4 c6 27. Re3 Re6 28. Rae1 Rfe8 29. Nxd7 Qxd7 30. Qxf5 Rxe3 31. Qxd7 Rxe1+ 32. Kh2 R1e7 33. Qd6 Kf7 34. Qf4+ Kg8 35. g4 Rf7 36. Qg3 Ref8 37. f3 Re7 38. Qd6 Rfe8 39. Kg3 Re2 40. c4 Rxa2 41. Qxd5+ Kh8 42. Qf7 Ree2 43. b4 Rxg2+ 44. Kf4 Rgf2 45. d5 Rad2 46. Ke5 g5 47. Kd6 1-0

[Event "Berlin Cup op"]
[Site "Berlin"]
[Date "2019.09.24"]
[Round "5"]
[White "Skogvall, Martina"]
[Black "Weigert, Axel"]
[Result "1-0"]
[WhiteElo "1895"]
[BlackElo "1671"]
[PlyCount "99"]
[EventDate "2019.08.29"]
[EventType "swiss"]
[EventRounds "4"]
[EventCountry "GER"]
[SourceTitle "EXT 2021"]
[Source "ChessBase"]
[SourceDate "2020.10.23"]
[SourceVersion "1"]
[SourceVersionDate "2020.10.23"]
[SourceQuality "1"]

1. e4 c5 2. Nf3 d6 3. d4 cxd4 4. Nxd4 g6 5. g3 Bg7 6. Bg2 Nc6 7. Be3 Bd7 8. Nc3 Nf6 9. h3 0-0 10. Nxc6 bxc6 11. 0-0 Qc8 12. Kh2 Rb8 13. Rb1 Be6 14. Qd2 a5 15. f4 Nd7 16. g4 Nb6 17. b3 f5 18. gxf5 gxf5 19. Bd4 Bxd4 20. Qxd4 c5 21. Qf2 Kh8 22. Qh4 Rf7 23. Rbe1 Qf8 24. Re3 Qg7 25. Ne2 Qf6 26. Qe1 fxe4 27. Bxe4 d5 28. Bg2 Rg8 29. Ng3 Bf5 30. Nxf5 Qxf5 31. Re5 Qxc2 32. Rf2 Qd3 33. Rf3 Qc2 34. Re2 Qg6 35. Qxa5 Rfg7 36. Qd2 d4 37. f5 Qd6+ 38. Qf4 Qxf4+ 39. Rxf4 Rg3 40. Rf3 Rxf3 41. Bxf3 Rf8 42. Re6 Rxf5 43. Be4 Rf6 44. Rxe7 Rf2+ 45. Kg3 Rxa2 46. Rxh7+ Kg8 47. Rb7 Ra6 48. h4 c4 49. bxc4 Nxc4 50. Bd5+ 1-0

[Event "Berlin-ch QT"]
[Site "Berlin"]
[Date "2018.04.06"]
[Round "7"]
[White "Stein, Siegfried"]
[Black "Skogvall, Martina"]
[Result "1/2-1/2"]
[WhiteElo "1788"]
[BlackElo "1997"]
[PlyCount "196"]
[EventDate "2018.03.31"]
[EventType "swiss"]
[EventRounds "9"]
[EventCountry "GER"]
[SourceTitle "EXT 2020"]
[Source "ChessBase"]
[SourceDate "2019.10.17"]
[SourceVersion "1"]
[SourceVersionDate "2019.10.17"]
[SourceQuality "1"]

1. e4 e6 2. d4 d5 3. e5 c5 4. c3 Bd7 5. Nf3 Qb6 6. Bd3 Bb5 7. 0-0 Bxd3 8. Qxd3 Nc6 9. dxc5 Bxc5 10. Nbd2 f6 11. b4 Be7 12. exf6 Nxf6 13. Re1 Nd8 14. Nb3 0-0 15. Be3 Qc7 16. Bd4 Ne4 17. Nbd2 Nd6 18. Rac1 Rc8 19. a3 a6 20. Ne5 Nf5 21. Ndf3 Bd6 22. h3 Nc6 23. Nxc6 Qxc6 24. Ng5 Rce8 25. c4 Bf4 26. Be3 Bxe3 27. fxe3 h6 28. Nf3 dxc4 29. Rxc4 Qb5 30. Qc2 Qb6 31. Rc5 Qd6 32. Qc3 Qg3 33. e4 Nd6 34. Re2 Rf4 35. Nd2 Qxc3 36. Rxc3 Nb5 37. Rd3 Rc8 38. Nf3 Rc3 39. Ne5 Rxa3 40. Rd7 Ra1+ 41. Kh2 Nc3 42. Rc2 Nb5 43. Ng6 Rff1 44. Rc8+ Kh7 45. Nf8+ Rxf8 46. Rxf8 Re1 47. Rff7 Kg6 48. Rxg7+ Kf6 49. Rg4 Nc3 50. Rxb7 Nxe4 51. Ra7 h5 52. Rf4+ Kg5 53. Rf3 h4 54. Rxa6 Ng3 55. Ra5+ e5 56. Rxg3+ hxg3+ 57. Kxg3 Re3+ 58. Kf2 Kf4 59. Ra4 Rb3 60. g3+ Kf5 61. Ra2 Rxb4 62. Re2 Rb3 63. h4 e4 64. Kg2 Rb1 65. Rf2+ Ke5 66. h5 e3 67. Re2 Ke4 68. Ra2 Rb5 69. g4 Rd5 70. Ra4+ Kd3 71. Kf3 Re5 72. Ra3+ Kd2 73. Ra2+ Kd3 74. Kf4 Re4+ 75. Kf5 Rc4 76. Ra3+ Rc3 77. Ra4 Rc4 78. Ra3+ Rc3 79. Ra1 Rc2 80. Ra3+ Rc3 81. Ra5 Kd4 82. Ra1 Rc5+ 83. Kf4 e2 84. Kf3 Re5 85. Ra4+ Kd3 86. Ra3+ Kd4 87. Ra4+ Kc3 88. Ra1 e1Q 89. Rxe1 Rxe1 90. Kf4 Kd4 91. Kf5 Rf1+ 92. Kg6 Ke5 93. h6 Rf6+ 94. Kg7 Ra6 95. h7 Ra7+ 96. Kg8 Ra8+ 97. Kg7 Ra7+ 98. Kg8 Ra8+ 1/2-1/2

[Event "Berlin-ch QT"]
[Site "Berlin"]
[Date "2018.04.01"]
[Round "2"]
[White "Skogvall, Martina"]
[Black "Bluhm, Guenter"]
[Result "1-0"]
[WhiteElo "1997"]
[BlackElo "1790"]
[PlyCount "96"]
[EventDate "2018.03.31"]
[EventType "swiss"]
[EventRounds "9"]
[EventCountry "GER"]
[SourceTitle "EXT 2020"]
[Source "ChessBase"]
[SourceDate "2019.10.17"]
[SourceVersion "1"]
[SourceVersionDate "2019.10.17"]
[SourceQuality "1"]

1. e4 e5 2. Nf3 Nc6 3. Bb5 Nge7 4. c3 g6 5. 0-0 Bg7 6. Re1 0-0 7. d4 exd4 8. cxd4 d5 9. e5 Bg4 10. Be2 Nf5 11. Bg5 f6 12. exf6 Bxf6 13. Bxf6 Rxf6 14. Nbd2 Bxf3 15. Nxf3 Qd6 16. Qd2 Raf8 17. Rad1 Ng7 18. a3 Ne6 19. Qe3 Qf4 20. Bb5 Ncd8 21. Bd7 Qd6 22. Bxe6+ Nxe6 23. Qe5 Qd7 24. Qg3 c6 25. b4 a6 26. Ne5 Qd6 27. f3 Kg7 28. Qh3 g5 29. Qg3 h6 30. h4 Re8 31. hxg5 hxg5 32. Kf2 Rh8 33. Rh1 Rfh6 34. Rxh6 Rxh6 35. Qg4 Qf8 36. g3 Qe8 37. f4 Qh5 38. f5 Nf8 39. Kf3 Nh7 40. Qxh5 Rxh5 41. Nd7 Nf6 42. Nc5 Rh2 43. Nxb7 Ne4 44. Rc1 Ra2 45. g4 Rxa3+ 46. Ke2 Rb3 47. Rxc6 Rxb4 48. Nd8 Rxd4 1-0

[Event "BL 1516 (Women)"]
[Site "Germany"]
[Date "2016.03.20"]
[Round "11.5"]
[White "Skogvall, Martina"]
[Black "Nguyen Minh, Thuy"]
[Result "1-0"]
[WhiteElo "2019"]
[BlackElo "2016"]
[PlyCount "107"]
[EventDate "2015.09.26"]
[EventType "team-tourn"]
[EventRounds "11"]
[EventCountry "GER"]
[SourceTitle "EXT 2017"]
[Source "ChessBase"]
[SourceDate "2016.10.25"]
[SourceVersion "1"]
[SourceVersionDate "2016.10.25"]
[SourceQuality "1"]
[WhiteTeam "Grosslehna (W)"]
[BlackTeam "Niederwiesa (W)"]
[WhiteTeamCountry "GER"]
[BlackTeamCountry "GER"]

1. e4 e6 2. d4 d5 3. Nd2 Be7 4. e5 c5 5. Qg4 g6 6. Ndf3 cxd4 7. Nxd4 Qb6 8. c3 Bd7 9. Ngf3 Nc6 10. Be2 0-0-0 11. 0-0 f6 12. Nxc6 bxc6 13. b4 fxe5 14. Nxe5 Nf6 15. Qh3 Rdf8 16. Bh6 Bd6 17. Nxd7 Kxd7 18. Bg7 h5 19. Bxh8 Rxh8 20. Qd3 Rg8 21. a4 g5 22. a5 Qc7 23. g3 g4 24. Qe3 Ke7 25. Rab1 h4 26. c4 Ne4 27. Qh6 Be5 28. cxd5 cxd5 29. Rfc1 Qd6 30. Qxh4+ Bf6 31. Qh7+ Rg7 32. Qh5 Bd4 33. Rc8 Bxf2+ 34. Kg2 Rf7 35. Rbc1 Bxg3 36. R1c7+ Qxc7 37. Rxc7+ Bxc7 38. Qh4+ Kd7 39. Bb5+ Kc8 40. Qh8+ Kb7 41. Kg1 Ng5 42. Qe8 Bf4 43. a6+ Kc7 44. Qc6+ Kb8 45. Be2 Be3+ 46. Kh1 Rc7 47. Qb5+ Bb6 48. Kg2 Rc1 49. Qe8+ Kc7 50. Kg3 Ne4+ 51. Kf4 Re1 52. Qe7+ Kc8 53. Qxe6+ Kd8 54. Qxd5+ 1-0

[Event "Oberliga Nord O 1516"]
[Site "Germany"]
[Date "2016.02.22"]
[Round "7.8"]
[White "Skogvall, Martina"]
[Black "Sowada, Christoph"]
[Result "1-0"]
[WhiteElo "2019"]
[BlackElo "1944"]
[PlyCount "57"]
[EventDate "2015.09.20"]
[EventType "team-tourn"]
[EventRounds "9"]
[EventCountry "GER"]
[SourceTitle "EXT 2017"]
[Source "ChessBase"]
[SourceDate "2016.10.25"]
[SourceVersion "1"]
[SourceVersionDate "2016.10.25"]
[SourceQuality "1"]
[WhiteTeam "Berlin SF"]
[BlackTeam "Greifswald"]
[WhiteTeamCountry "GER"]
[BlackTeamCountry "GER"]

1. e4 e5 2. Nf3 Nc6 3. Bb5 a6 4. Ba4 Nf6 5. 0-0 b5 6. Bb3 Be7 7. Re1 0-0 8. c3 d5 9. exd5 Nxd5 10. d3 Bf6 11. Nbd2 Nf4 12. Ne4 Nxd3 13. Nxf6+ gxf6 14. Bh6 Nxe1 15. Qxe1 Qd3 16. Rd1 Qg6 17. Bxf8 Kxf8 18. Qe3 f5 19. Qc5+ Kg8 20. Ng5 Qf6 21. Nxf7 Kg7 22. Ng5 Rb8 23. Ne6+ Bxe6 24. Qxc6 Bxb3 25. Qxc7+ Bf7 26. Qxb8 Bxa2 27. Qc7+ Bf7 28. Qd8 Qc6 29. Rd6 1-0

[Event "GER CupT prel1"]
[Site "Oranienburg"]
[Date "2016.01.24"]
[Round "2.3"]
[White "Skogvall, Martina"]
[Black "Kayser, Stefan"]
[Result "0-1"]
[WhiteElo "1960"]
[BlackElo "2031"]
[PlyCount "80"]
[EventDate "2016.01.23"]
[EventType "team-k.o."]
[EventRounds "2"]
[EventCountry "GER"]
[SourceTitle "EXT 2017"]
[Source "ChessBase"]
[SourceDate "2016.10.25"]
[SourceVersion "1"]
[SourceVersionDate "2016.10.25"]
[SourceQuality "1"]
[WhiteTeam "Berlin SF"]
[BlackTeam "Oranienburg"]
[WhiteTeamCountry "GER"]
[BlackTeamCountry "GER"]

1. e4 c6 2. d4 d5 3. exd5 cxd5 4. Bd3 g6 5. c3 Bg7 6. Nf3 Nf6 7. h3 0-0 8. Qc2 Nc6 9. 0-0 Qc7 10. Re1 Re8 11. Nbd2 b6 12. Nf1 Bb7 13. Bg5 e5 14. dxe5 Nxe5 15. Nxe5 Rxe5 16. Bf4 Rxe1 17. Bxc7 Rxa1 18. Kh2 Rc8 19. Bf4 d4 20. c4 Re1 21. Qa4 a5 22. Nd2 Bc6 23. Qb3 Nh5 24. Bd6 Re6 25. Bg3 Nxg3 26. fxg3 Ba8 27. Kg1 Bf8 28. Qc2 Bd6 29. Kf2 Rce8 30. Qa4 Bc6 31. Qd1 Re1 32. Qg4 R1e3 33. Bf1 Bxg3+ 34. Kg1 Bd6 35. Qd1 d3 36. a3 a4 37. Qg4 Re1 38. h4 h5 39. Qg5 Kg7 40. Nf3 Bc5+ 0-1

[Event "Oberliga Nord O 1516"]
[Site "Germany"]
[Date "2015.11.15"]
[Round "3.7"]
[White "Skogvall, Martina"]
[Black "Palme, Holger"]
[Result "1/2-1/2"]
[WhiteElo "2019"]
[BlackElo "2034"]
[PlyCount "65"]
[EventDate "2015.09.20"]
[EventType "team-tourn"]
[EventRounds "9"]
[EventCountry "GER"]
[SourceTitle "CBM 170 Extra"]
[Source "ChessBase"]
[SourceDate "2016.02.25"]
[SourceVersion "1"]
[SourceVersionDate "2016.02.25"]
[SourceQuality "1"]
[WhiteTeam "Berlin SF"]
[BlackTeam "Cottbus Lokomotive"]
[WhiteTeamCountry "GER"]
[BlackTeamCountry "GER"]

1. e4 c6 2. d4 d5 3. Nc3 dxe4 4. Nxe4 Nf6 5. Ng3 g6 6. Bc4 Bg7 7. N1e2 0-0 8. 0-0 Nbd7 9. h4 e5 10. h5 exd4 11. Nxd4 Ne5 12. Be2 Qb6 13. c3 Rd8 14. Bf4 Nd5 15. Bg5 f6 16. Bd2 Qxb2 17. Rb1 Qxa2 18. Qc1 Nb6 19. f4 Nf7 20. Be3 Qd5 21. c4 Qd7 22. hxg6 hxg6 23. f5 Qe8 24. fxg6 Ne5 25. Ndf5 Bxf5 26. Nxf5 Rd7 27. Bh5 Bf8 28. Bh6 Bc5+ 29. Be3 Nd3 30. Nh6+ Kg7 31. Nf5+ Kg8 32. Nh6+ Kg7 33. Nf5+ 1/2-1/2

[Event "GER-ch (Women)"]
[Site "Bad Wiessee"]
[Date "2015.02.09"]
[Round "5"]
[White "Skogvall, Martina"]
[Black "Schmidt, Jade"]
[Result "0-1"]
[WhiteElo "2046"]
[BlackElo "2089"]
[PlyCount "200"]
[EventDate "2015.02.06"]
[EventType "swiss"]
[EventRounds "9"]
[EventCountry "GER"]
[SourceTitle "CBM 164 Extra"]
[Source "ChessBase"]
[SourceDate "2015.03.02"]
[SourceVersion "1"]
[SourceVersionDate "2015.03.02"]
[SourceQuality "1"]

1. e4 c5 2. Nc3 Nc6 3. Bb5 e6 4. Nf3 Nge7 5. 0-0 a6 6. Be2 Nd4 7. d3 Nec6 8. Be3 Be7 9. Nb1 0-0 10. c3 Nxe2+ 11. Qxe2 d5 12. Nbd2 b6 13. h3 Bb7 14. Nh2 dxe4 15. dxe4 Qc7 16. f4 f5 17. Rad1 Rae8 18. e5 Rd8 19. Nc4 Na7 20. Nf3 Nc8 21. Qf2 Bd5 22. Ncd2 Bb7 23. h4 Qc6 24. Nc4 Rd5 25. Rc1 Rfd8 26. b4 Rd3 27. Nb2 R3d7 28. a4 a5 29. b5 Qc7 30. c4 Ba8 31. Qg3 Qb7 32. h5 Qe4 33. Rfe1 Qb7 34. Rc2 Kh8 35. Ng5 Bxg5 36. Qxg5 Ne7 37. Ree2 Ng8 38. Rcd2 Rxd2 39. Bxd2 Rd7 40. Qg3 Nh6 41. Nd1 Rd4 42. Ne3 Qd7 43. Qf2 Be4 44. Bc3 Rd3 45. Rd2 Rxd2 46. Qxd2 Qxd2 47. Bxd2 Ng4 48. Nd1 Kg8 49. Nb2 Kf8 50. Kf1 Ke8 51. Kg1 Kd8 52. Kf1 Kc7 53. Kg1 Bb7 54. Nd3 Bc8 55. Kf1 Bd7 56. Ke2 Be8 57. Bxa5 Bxh5 58. Kd2 Kb7 59. Bc3 Bf7 60. a5 h6 61. a6+ Ka7 62. Bb2 g5 63. g3 gxf4 64. gxf4 h5 65. Ke2 h4 66. Bc1 Bh5 67. Kf1 Nh2+ 68. Kg2 Nf3 69. Nf2 Bg4 70. Be3 Ne1+ 71. Kh2 Be2 72. Kh3 Bxc4 73. Nd1 Bxb5 74. Bf2 Nd3 75. Be3 Kxa6 76. Kxh4 Bc4 77. Kg5 Kb7 78. Kf6 Kc6 79. Bd2 Bb3 80. Ne3 Nf2 81. Be1 Ng4+ 82. Nxg4 fxg4 83. f5 Kd7 84. Kg5 exf5 85. Kxf5 Be6+ 86. Ke4 Kc6 87. Bf2 b5 88. Be1 b4 89. Bf2 Kb5 90. Kd3 Bf5+ 91. Kd2 Kc4 92. Kc1 Kd5 93. Kb2 c4 94. Be1 Kc5 95. Bf2+ Kb5 96. Bg3 c3+ 97. Kb3 Be6+ 98. Kc2 Kc4 99. Bf2 b3+ 100. Kb1 Bf5+ 0-1

[Event "GER-ch (Women)"]
[Site "Bad Wiessee"]
[Date "2015.02.06"]
[Round "2"]
[White "Hoose, Hannelore"]
[Black "Skogvall, Martina"]
[Result "0-1"]
[WhiteElo "1713"]
[BlackElo "2046"]
[PlyCount "126"]
[EventDate "2015.02.06"]
[EventType "swiss"]
[EventRounds "9"]
[EventCountry "GER"]
[SourceTitle "CBM 164 Extra"]
[Source "ChessBase"]
[SourceDate "2015.03.02"]
[SourceVersion "1"]
[SourceVersionDate "2015.03.02"]
[SourceQuality "1"]

1. e4 e6 2. d4 d5 3. Bd3 dxe4 4. Bxe4 Nf6 5. Bf3 c5 6. Be3 cxd4 7. Qxd4 Qc7 8. Qc3 Nc6 9. Ne2 Bd7 10. a3 Bd6 11. g3 0-0 12. 0-0 Be5 13. Bd4 Nxd4 14. Nxd4 Qb6 15. Rd1 Nd5 16. Bxd5 exd5 17. Qd3 Qxb2 18. Nc3 Bxd4 19. Qxd4 Qxc2 20. Nxd5 Bh3 21. Nf4 Bf5 22. Ng2 Qb3 23. Ne3 Bg6 24. Nd5 Bc2 25. Rd2 Kh8 26. Nb4 Bg6 27. Qd5 Qc3 28. Qd4 Qf3 29. Qe3 Qh5 30. Re1 f5 31. Qf4 Rfe8 32. Re3 Rxe3 33. fxe3 Re8 34. Nc2 h6 35. h4 Qg4 36. Qxg4 fxg4 37. Rf2 Bxc2 38. Rxc2 Rxe3 39. Kg2 Rxa3 40. Rc4 h5 41. Rc5 Kg8 42. Rxh5 Rb3 43. Rg5 Rb4 44. h5 Kf7 45. Rf5+ Ke6 46. Rg5 Kf6 47. Rg6+ Kf7 48. Rg5 b5 49. Rf5+ Ke6 50. Rg5 Kf6 51. Rg6+ Kf7 52. Rg5 a5 53. Rc5 Rb2+ 54. Kf1 a4 55. Rf5+ Ke6 56. Rf4 a3 57. Rxg4 a2 58. Rg6+ Kf5 59. Ra6 Rb1+ 60. Kg2 a1Q 61. Rxa1 Rxa1 62. Kh3 b4 63. g4+ Kg5 0-1

[Event "BL 1314 (Women)"]
[Site "Germany"]
[Date "2014.01.26"]
[Round "5.5"]
[White "Lakos, Nikoletta"]
[Black "Skogvall, Martina"]
[Result "1-0"]
[WhiteElo "2280"]
[BlackElo "2065"]
[PlyCount "65"]
[EventDate "2013.10.04"]
[EventType "team-tourn"]
[EventRounds "11"]
[EventCountry "GER"]
[SourceTitle "EXT 2018"]
[Source "ChessBase"]
[SourceDate "2017.10.13"]
[SourceVersion "1"]
[SourceVersionDate "2017.10.13"]
[SourceQuality "1"]
[WhiteTeam "Halle Volksbank (W)"]
[BlackTeam "Grosslehna (W)"]
[WhiteTeamCountry "GER"]
[BlackTeamCountry "GER"]

1. e4 e6 2. d4 d5 3. Nd2 Nf6 4. e5 Nfd7 5. c3 c5 6. Bd3 Nc6 7. Ne2 cxd4 8. cxd4 f6 9. exf6 Nxf6 10. Nf3 Bd6 11. 0-0 0-0 12. Bf4 Bxf4 13. Nxf4 Qd6 14. g3 e5 15. dxe5 Nxe5 16. Nxe5 Qxe5 17. Qb3 Bg4 18. h3 Bd7 19. Rfe1 Qg5 20. h4 Qg4 21. Be2 Qf5 22. Bd3 Qg4 23. Re5 Bc8 24. Bb5 h6 25. Kg2 Nh5 26. Qxd5+ Kh8 27. Nxh5 Bf5 28. Nf4 Rad8 29. Qf3 Qxf3+ 30. Kxf3 a6 31. Bc4 g5 32. hxg5 hxg5 33. Re7 1-0